South Eastern Kenya University

Library Online Public Access Catalogue


GEO year book: (Record no. 11130)

MARC details
000 -LEADER
fixed length control field 00399cas a2200145 a 4500
022 ## - ISSN
International Stands Serial Number 9789280727689
050 00 - LIBRARY OF CONGRESS CALL NUMBER
Classification Number TD194.6
Item Number .G46
245 00 - TITLE
Title GEO year book:
Remainder of title an overview of our changing environment
260 ## - PUBLICATION, DISTRIBUTION, ETC.(IMPRINT)
Place of publication, distribution, etc Nairobi, Kenya :
Name of publisher, distributor, etc United Nations Environment Programme,
Date of publication, distribution, etc 2007
300 ## - PHYSICAL DESCRIPTION
Extent 86 p.
650 #0 - SUBJECT--TOPIC
Form subdivision Periodicals.
650 #0 - SUBJECT--TOPIC
Form subdivision Periodicals.
650 #0 - SUBJECT--TOPIC
Form subdivision Periodicals.
942 ## - ADDED ENTRY ELEMENTS(KOHA)
Koha item type General circulation
Source of classification or shelving scheme Library of Congress Classification
Holdings
Source of classification or shelving scheme Not for loan Location (home branch) Sublocation (holding branch) Shelving location Date accessioned Full call number Barcode Koha item type Public note
Library of Congress Classification   Mtito Andei Centre Library Mtito Andei Centre Library   18/02/2016 TD194.6 .G46 7138 General circulation JTH
Library of Congress Classification   Mtito Andei Centre Library Mtito Andei Centre Library   18/02/2016 TD194.6 .G46 7143 General circulation JTH
Kitui, Kenya.
+254736116989
library@seku.ac.ke